000 01173nam a2200301 a 4500
001 000006686
003 DO-SdBNP
005 20240412074204.0
007 ta
008 090902s2007 dr a r 000 p spa d
020 _a9789945406559
040 _aDO-SdBNP
_bspa
_cBNPHU
082 4 _aRD861.44
_bM671h, 2007
_222
100 1 _aMir, Pedro,
_d1913-2000
_97245
245 1 0 _aHay un país en el mundo ;
_bSi alguien quiere saber cuál es mi patria /
_cPedro Mir ; presentación Julio César Calderón ; ilustraciones Guillo Pérez.
260 _aSanto Domingo :
_bCámara de Diputados de la República Dominicana,
_c2007.
300 _a116 p. :
_bil. ;
_c23 cm.
501 _aPublicado con: Si alguien quiere saber cuál es mi patria.
563 _aDos obras publicadas juntas con paginación continua.
590 _aInventariado, 2018/BT
650 0 _aPoesía dominicana
_966
650 0 _aLiteratura dominicana.
_967
700 1 2 _aMir, Pedro,
_d1913-2000
_tSi alguien quiere saber cuál es mi patria
_918629
700 1 _aCalderón, Julio César
_918630
700 1 _aPérez, Guillo,
_eil.
_918631
910 _aValidado. Control de calidad. MMOLINA
942 _2ddc
_cLBS1
999 _c6475
_d6475